000 00683nam a22001577a 4500
008 100616s2005 le|||||r|||| 000 0 ara d
020 _a9953338205
082 _222
_a004.692
_bب ر ي
245 _a /الاستخدام الفعال للبريد الإلكتروني
260 _aبيروت :
_bمكتبة لبنان ، 2005
_c2005
300 _a69 ص:
_bصور ؛
_c21 سم
490 _914845
_aسلسلة الإدارة المثلى
650 _914847
_aالبريد الإلكتروني
942 _2ddc
_cBB
999 _c14106
_d14106